Fikih jenayah

Bibliographic Details
Main Author: al-Syarbaini, Al-Khatib (Author)
Format: Book
Language:Malay
Published: Johor Bahru, Johor, Malaysia : Perniagaan Jahabersa , 2009
Subjects:

MARC

LEADER 00000cam a2200000 7i4500
001 0000082012
005 20130609093000.0
008 130306s2009 my may
020 |a 9789831708712 (hardback : alk. paper) 
020 |a 9831708717 (hardback : alk. paper) 
050 0 0 |a BP153   |b .S93 2009 
090 0 0 |a BP153   |b .S93 2009 
100 1 |a al-Syarbaini, Al-Khatib ,   |e author 
245 1 0 |a Fikih jenayah   |c al-Khatib al-Syarbaini ; pentahqiq, Muhammad Muawwid, Adil Ahmad Abdu al-Maujud 
260 |a Johor Bahru, Johor, Malaysia :   |b Perniagaan Jahabersa ,   |c 2009 
300 |a vi, 541 p. :   |b ill. ;   |c 26 cm. 
500 |a Judul asal : Mughni al-muhtaj (jilid 4) 
650 0 |a Islamic law 
650 0 |a Shafiites 
999 |a 1000154400   |b Book   |c OPEN SHELF (30 DAYS)   |e Gong Badak Campus 
999 |a 1000154401   |b Book   |c OPEN SHELF (30 DAYS)   |e Gong Badak Campus